Totálna syntéza hypotemycínu

Gespeichert in:
Bibliographische Detailangaben
1. Verfasser: Dvořáková, Vanesa (Verfasst von)
Weitere Verfasser: Markovič, Martin (Betreuung Doktorarbeit)
Format: Manuskript Buch
Sprache:Slowakisch
Veröffentlicht: 2023
Schlagworte:
Online-Zugang:http://is.stuba.sk/zp/portal_zp.pl?podrobnosti=162421
Tags: Tag hinzufügen
Keine Tags, Fügen Sie das erste Tag hinzu!

MARC

LEADER 00000ntm a22000003a 4500
001 stuzp94363
003 SK-STU
005 20230909221859.4
007 ta
008 150427s2015----xo-----f-mn---000-0-slo-d
040 |a STU  |b slo 
041 0 |a slo 
100 1 |a Dvořáková, Vanesa  |u 048140  |k Z4  |4 aut  |U FCHPT Ústav organickej chémie, katalýzy a petrochémie  |T FCHPT Oddelenie organickej chémie  |X 110580  |U C8140  |Y 124  |7 110580 
242 0 1 |a Total synthesis of hypothemycin  |y eng 
245 1 0 |a Totálna syntéza hypotemycínu 
260 |c 2023 
650 4 |a transesterifikácia  |2 slo 
650 4 |a hypotemycín  |2 slo 
650 4 |a selektívna redukcia  |2 slo 
650 4 |a transesterification  |2 eng 
650 4 |a hypothemycin  |2 eng 
650 4 |a selective reduction  |2 eng 
700 1 |a Markovič, Martin  |u 048140  |k Z1  |4 ths  |U FCHPT Ústav organickej chémie, katalýzy a petrochémie  |T FCHPT Oddelenie organickej chémie  |X 26060  |U C8140  |Y 124  |7 A000026060 
856 4 |u http://is.stuba.sk/zp/portal_zp.pl?podrobnosti=162421